| 000 | 00831nam a22001937a 4500 | ||
|---|---|---|---|
| 005 | 20240621111543.0 | ||
| 010 | _aHIN-127852 | ||
| 020 |
_a9789393486684 _c400.00 |
||
| 035 | _aHN-100198 | ||
| 037 | _bDBAD | ||
| 082 | _a820.08 | ||
| 100 |
_aसिंह , मनोज कुमार _967627 |
||
| 245 |
_aसमकालीन यथार्थ की पड़ताल / _cमनोज कुमार सिंह |
||
| 260 |
_aनई दिल्ली _bकिताबघर प्रकाशन _c2023 |
||
| 270 |
_a4855 -56 / 24 , अंसारी रोड ,दरयागंज _bनई दिल्ली _e110002 |
||
| 300 |
_a176 पिष्ट. _c22 (सजिल्द) |
||
| 700 |
_aमनोज कुमार सिंह _967619 |
||
| 942 |
_cHN _2ddc _h820.08 _mमनोज |
||
| 999 |
_c203644 _d203644 |
||